Coupe du Monde 1998: Un joueur, une équipe - Statistiques

Statistiques générales
  • Ce quiz a été pris 200 fois
  • Le résultat moyen est 26 sur 32
Statistiques - réponses
Réponse % Correct
France
99%
Brésil
97%
Cameroun
97%
Italie
97%
Allemagne
96%
Angleterre
93%
Argentine
93%
Corée du Sud
92%
Danemark
91%
Pays-Bas
91%
Arabie Saoudite
90%
Belgique
88%
Japon
87%
Nigeria
87%
Yougoslavie
87%
Espagne
86%
Roumanie
86%
Paraguay
83%
Bulgarie
82%
Croatie
79%
Iran
74%
Colombie
73%
Chili
71%
Maroc
70%
Tunisie
70%
Autriche
69%
Mexique
69%
Norvège
64%
Afrique du Sud
62%
Ecosse
62%
Etats-Unis
60%
Jamaïque
57%
Aucun quiz correspondant
Distribution des résultats
% des personnes avec chaque résultat
Percentile par nombre de réponses
Votre historique - résultats
Vous n’avez pas pris ce quiz